Administración y logística de la cadena de suministros

Bibliographic Details
Main Author: Bowersox, Donald J.
Format: Section = Libro
Language:Undetermined
Spanish
Published: México McGraw-Hill 2007
Subjects:
LEADER 00698nam a2200217Ia 4500
008 240829s9999 xx 000 0 und d
020 |a 978-970-10-6132 
040 |a BIBLIOTECA-RUPAP 658.7 B786 
041 |a spa 
082 |a 658.7 B786 
100 1 |a Bowersox, Donald J. 
245 1 0 |a Administración y logística de la cadena de suministros 
260 |a México  |b McGraw-Hill  |c 2007 
300 |a 423 p. :il. 
650 7 |a ADMINISTRACION - SUMINISTROS - EMPRESAS 
650 7 |b  LOGÍSTICA - NEGOCIOS 
650 7 |c  ATENCION AL CLIENTE - LOGISTICA 
650 7 |d  POSICIONAMIENTO. I. Closs, David J, coaut. II. Cooper, M Bixby, coaut. III. Tít. 
942 |c BK  |2 ddc 
991 |a TEXTO 
999 |c 10009